| 000 | 01610nam0a2200361 4500 | ||
|---|---|---|---|
| 001 | RU\NLR\bibl\798045 | ||
| 005 | 20250614124754.0 | ||
| 010 |
_a5-17-027182-4 _bООО "Изд-во АСТ" |
||
| 010 |
_a5-271-09774-9 _bООО "Изд-во Астрель" |
||
| 010 |
_a5-93827-0117-0 _bООО "Компания Адаптек" |
||
| 021 |
_aRU _b2004-81319 _94009 |
||
| 035 | _aRSL-KNO-002558194 | ||
| 035 | _a(NLR Aleph) 000787240 | ||
| 090 |
_a1099274 _c1099274 |
||
| 100 | _a20050111d2005 |||y0rusy50 ca | ||
| 101 | 1 |
_arus _ceng |
|
| 102 | _aRU | ||
| 105 | _ay ||||||||| | ||
| 106 | _ar | ||
| 200 | 1 |
_aПыльца _e[роман] _fДжефф Нун _g[пер. с англ. А. Скобин] |
|
| 210 |
_aМосква _cАст [и др.] _d2005 _eМинск _gОАО Полигр. комб. им. Я. Коласа |
||
| 215 |
_a349, [1] с. _d21 |
||
| 225 | 1 | _aАльтернатива | |
| 610 | 0 | _aФилологические науки. Художественная литература -- Великобритания -- Английская литература -- с 1945 г. -- Произведения художественной литературы -- Художественная проза -- Романы. Повести. Рассказы | |
| 686 |
_aШ5(4Вл)62-644 _2rubbk |
||
| 686 | _aШ6(4Вл)67-445{Лх1299-62} | ||
| 700 | 1 |
_4070 _7ca _8rus _aНун _bД. _f1957- _gДжефф _9216749 _3RU\NLR\AUTH\770216805 |
|
| 801 | 0 |
_aRU _bRuMoRKP _c20050111 _grcr |
|
| 801 | 1 |
_aRU _bRuMoRGB _c20050111 |
|
| 801 | 2 |
_aRU _bNLR _c20050513 _gPSBO |
|
| 942 | _cBOOK | ||
| 980 | _aNB | ||